Transmissibiľnaja virusnaja demencia. I. Neobyčnaja territoriaľnaja i vremennaja agregacia bolezni Creutsfeld- Jakob i drugich slučajev organičeskoj preseniľnoj demencii ; V. Mayer, D. Orolin, E. Mitrová, T. Lehotský

Bibliographic Details
Main Authors: Mayer, V. (Author), Orolin, Daniel, 1937-1994 (Author), Mitrová, Eva, 1937- (Author), Lehotský, T. (Author)
Format: Article
Language:Russian
PhysicalDescription:Tb. 1. Grafy 1.
Subjects:

MARC

LEADER 00000nab a2200000 a 4500
001 vtls000014995
003 SK-MaSNL
005 20260318133240.0
008 220423c1978 xo 0 rus
015 |a SNBRB19rr/mm-uuuuu 
035 |a CL0025089 
040 |a SNKBUCL  |b slo  |c SNKBUCL  |e AACR2 
041 0 |a rus 
044 |a xo  |c SK 
080 |a 616.9  |2 1981 
080 |a 616.8  |2 1981 
245 0 0 |a Transmissibiľnaja virusnaja demencia. I. Neobyčnaja territoriaľnaja i vremennaja agregacia bolezni Creutsfeld- Jakob i drugich slučajev organičeskoj preseniľnoj demencii ; V. Mayer, D. Orolin, E. Mitrová, T. Lehotský 
300 |b Tb. 1. Grafy 1. 
650 0 7 |a presenilná demencia  |2 SNK  |9 208439 
650 0 7 |a Creutzfeldtov-Jakobov syndróm  |2 SNKPH  |9 27076 
655 7 |a články z novín a časopisov  |2 SNK  |9 267496 
700 1 |a Mayer, V.  |4 aut  |9 923825 
700 1 |a Orolin, Daniel,  |d 1937-1994  |4 aut  |9 5656 
700 1 |a Mitrová, Eva,  |d 1937-  |4 aut  |9 27396 
700 1 |a Lehotský, T.  |4 aut  |9 1176508 
773 0 |t Acta virologica  |g Roč. 22, č. 2 (1978), s. 146-153 
850 |a Slovenská národná knižnica v Martine  |a MTA001 
852 |a SNK  |b KIS3GCP 
958 |a RK 
958 |a ME 
992 |a RBX 
999 |c 2204020  |d 2205950